|
|
|
|
| LEADER |
01318nam a2200277 u 4500 |
| 001 |
10003664 |
| 003 |
upatras |
| 005 |
20210117203539.0 |
| 008 |
050704s19731981gr gre |
| 040 |
|
|
|a GR-PaULI
|c GR-PaULI
|
| 041 |
0 |
|
|a gre
|
| 082 |
0 |
4 |
|a 515
|
| 100 |
1 |
|
|a Αποστολάτος, Νικόλαος Θ.
|9 4153
|
| 245 |
1 |
0 |
|a Αριθμητική ανάλυσις
|c Νικόλαου Θ. Αποστολάτου
|
| 260 |
|
|
|a Αθήναι
|b [χ.ό.]
|
| 300 |
|
|
|a 2 τ.
|b πίν.
|c 24 εκ.
|
| 504 |
|
|
|a Περιλαμβάνει βιβλιογραφία
|
| 505 |
1 |
|
|a τ.1. - vii, 182 σ. --
|a τ.2. - vii, 238 σ.
|
| 650 |
|
4 |
|a Αριθμητική ανάλυση
|9 388
|
| 852 |
|
|
|a GR-PaULI
|b ΠΑΤΡΑ
|b ΒΚΠ
|b ΒΣ1
|k ΑΣΧΕ
|h 515 ΑΠΟ
|m 05501
|p 025000069557
|t 1
|3 τ.2
|
| 852 |
|
|
|a GR-PaULI
|b ΠΑΤΡΑ
|b ΒΚΠ
|b ΒΣ1
|k ΑΣΧΕ-12
|h 515 ΑΠΟ
|m 079258
|p 025000038925
|t 1
|3 τ.1
|
| 942 |
|
|
|2 ddc
|c BK15
|
| 952 |
|
|
|0 0
|1 0
|3 τ.2
|4 0
|6 515_000000000000000_ΑΠΟ
|7 0
|9 118192
|a LISP
|b LISP
|c BSC
|d 2016-04-24
|i 05501
|l 0
|o 515 ΑΠΟ
|p 025000069557
|r 2016-04-24 00:00:00
|t 1
|w 2016-04-24
|y BK15
|
| 952 |
|
|
|0 0
|1 0
|3 τ.1
|4 0
|6 515_000000000000000_ΑΠΟ
|7 0
|9 118193
|a LISP
|b LISP
|c BSC
|d 2016-04-24
|i 079258
|l 0
|o 515 ΑΠΟ
|p 025000038925
|r 2016-04-24 00:00:00
|t 1
|w 2016-04-24
|y BK15
|
| 998 |
|
|
|c ΒΑΣΙΛΕΙΟΥ
|d 2008-04
|
| 999 |
|
|
|c 78703
|d 78703
|